| 000 | 00913cam a2200277 a 4500 | ||
|---|---|---|---|
| 001 | 000018658 | ||
| 005 | 20200929165833.0 | ||
| 008 | 910208s1964 sp ac 001 0 spa d | ||
| 035 | _a(DLC) 66056419 | ||
| 035 | _a(OCoLC)23074491 | ||
| 040 |
_aDO-SdBNP _cNJQ _dOClU _dOCoLC _dDLC _dBNPHU |
||
| 042 | _apremarc | ||
| 082 |
_a928.6 _bA996c |
||
| 100 | 0 |
_aAzorín, _d1873-1967. _95278 |
|
| 245 | 1 | 0 |
_aConversaciones con Azorín / _cJosé Augusto Trinidad Martínez Ruiz ; prólogo Jorge Campos. |
| 260 |
_aMadrid : _bTaurus Ediciones, _c1964. |
||
| 300 |
_a285 p. : _bil., retrs. ; _c21 cm. |
||
| 490 | 1 | _aDiálogos | |
| 500 | _aIncluye índice. | ||
| 600 | 1 | 0 |
_aAZORIN, _d1873-1967. _xENTRVISTA _940302 |
| 650 | 4 |
_aLiteratura española _xHistoria y crítica _ySIGLO XX _99848 |
|
| 700 | 1 |
_aCampos, Jorge. _epról. _93499 |
|
| 830 | 0 |
_aDiálogos ; _940303 |
|
| 910 | _aCatalogación derivada / LC | ||
| 049 | _aBNGR | ||
| 999 |
_c18178 _d18178 |
||